Introduction to the design and analysis algorithms (Record no. 176928)

000 -LEADER
fixed length control field 00409nam a2200145Ia 4500
008 - FIXED-LENGTH DATA ELEMENTS--GENERAL INFORMATION
fixed length control field 220217s9999||||xx |||||||||||||| ||und||
020 ## - INTERNATIONAL STANDARD BOOK NUMBER
International Standard Book Number 978-81-317-1837-7
082 ## - DEWEY DECIMAL CLASSIFICATION NUMBER
Classification number 005.1 LEV
100 ## - MAIN ENTRY--PERSONAL NAME
Personal name Levitin, Anany
245 #0 - TITLE STATEMENT
Title Introduction to the design and analysis algorithms
250 ## - EDITION STATEMENT
Edition statement 2nd
260 ## - PUBLICATION, DISTRIBUTION, ETC.
Place of publication, distribution, etc. Pearson education of asia
Name of publisher, distributor, etc. New Delhi
Date of publication, distribution, etc. 2007
300 ## - PHYSICAL DESCRIPTION
Other physical details 375
650 ## - SUBJECT ADDED ENTRY--TOPICAL TERM
Topical term or geographic name entry element COMPUTER PROGRAMS
Holdings
Withdrawn status Lost status Damaged status Not for loan Collection code Home library Current library Date acquired Total Checkouts Full call number Barcode Date due Date last seen Date last checked out Price effective from Koha item type
        Computer Science and Engineering Central Library Central Library 02/18/2022 3 005.1 LEV 12117 05/02/2024 05/03/2023 05/03/2023 02/18/2022 Books

Powered by Koha